000 00318pam a2200145 a 4500
020 _c
041 _aeng
082 _bJAC
100 _aJackson P.
245 _aIntroduction To Expert System
_hTextual Documents
250 _a2005.
260 _aNew Delhi
_bPearson Education
300 _a542 pg .
930 _a5757
999 _c82673
_d82673